Villes de Norvège (Mort subite) - Statistiques

Statistiques générales
  • Ce quiz a été pris 244 fois
  • Le résultat moyen est 9 sur 15
Answers on the Grid
Answers color-coded by a green-red scale on the quiz's grid according to % correct below.
Oslo
Bergen
Trondheim
Stavanger
Fredrikstad
Tromsø
Lillestrøm
Bodø
Ålesund
Haugesund
Lillehammer
Molde
Sandvika
Kristiansand
Sarpsborg
Uppsala
Göteborg
Malmö
Helsingborg
Aarhus
Rovaniemi
Oulu
Tallinn
Riga
Aalborg
Kiel
Moumansk
Aberdeen
Gdańsk
Tampere
 
Statistiques - réponses
Réponse % Correct
Oslo
90%
Tromsø
74%
Bergen
70%
Trondheim
69%
Bodø
67%
Lillestrøm
66%
Lillehammer
60%
Stavanger
58%
Ålesund
54%
Kristiansand
54%
Molde
50%
Haugesund
45%
Fredrikstad
41%
Sarpsborg
34%
Sandvika
32%
Aucun quiz correspondant
Distribution des résultats
% des personnes avec chaque résultat
Percentile par nombre de réponses
Votre historique - résultats
Vous n’avez pas pris ce quiz